International commercial arbitration in Islamic law, Saudi law and the model law /
Saved in:
| Main Author: | |
|---|---|
| Format: | Thesis |
| Language: | English |
| Published: |
Birmingham :
University of Birmingham,
2004
|
| Subjects: | |
| Tags: |
Add Tag
No Tags, Be the first to tag this record!
|
| LEADER | 011130000a22002410004500 | ||
|---|---|---|---|
| 008 | 140708s2004 xxk f 000 0 eng d | ||
| 040 | |a UIAM |b eng | ||
| 050 | 4 | |a BP158.3.A81 | |
| 100 | 1 | |a Subaihi, Abdulrahman A.I. | |
| 245 | 1 | 0 | |a International commercial arbitration in Islamic law, Saudi law and the model law / |c Abdulrahman A.I. Al-Subaihi |
| 260 | |a Birmingham : |b University of Birmingham, |c 2004 | ||
| 300 | |a 435 p. ; |c 30 cm. | ||
| 500 | |a "A thesis summitted to the University of Birmingham for the degree of Doctor of Philosophy" --On t.p. | ||
| 502 | |a Thesis (Ph. D.)--University of Birmingham, 2004. | ||
| 504 | |a Includes bibliographical references (p.422-435). | ||
| 596 | |a 1 | ||
| 650 | 0 | |a Arbitration and award (Islamic law) | |
| 650 | 0 | |a Arbitration and award |z Saudi Arabia | |
| 650 | 0 | |a Arbitration and award, International | |
| 655 | |a Theses, Facsimile edition (Islamic) | ||
| 900 | |a prelim-nan-arf-lfr | ||
| 999 | |c 432476 |d 463673 | ||
| 952 | |0 0 |6 TI BP 000158.3 A81 S941I 2004 |7 0 |8 THESES |9 756816 |a IIUM |b IIUM |c MULTIMEDIA |g 640.00 |o ti BP 158.3 A81 S941I 2004 |p 00011202368 |r 2017-10-23 |t 1 |v 640.00 |y THESIS | ||
